000 02480cam a2200385 a 4500
001 16754906
003 OSt
005 20180117085949.0
008 110428s2012 enka b 001 0 eng
010 _a 2011018391
020 _a9781107013650 (hardback)
020 _a9781107699540 (paperback)
040 _aDLC
_cDLC
_dDLC
042 _apcc
043 _ad------
050 0 0 _aP95.82.D45
_bC85 2012
082 0 0 _a302.2309172/4
_223
084 _aPOL000000
_2bisacsh
245 0 0 _aComparing media systems beyond the Western world /
_cedited by Daniel C. Hallin, Paolo Mancini.
260 _aCambridge ;
_aNew York :
_bCambridge University Press,
_c2012.
300 _aix, 344 p. :
_bill. ;
_c23 cm.
490 0 _aCommunication, society and politics
504 _aIncludes bibliographical references and index.
520 _a"Comparing Media Systems Beyond the Western World offers a broad exploration of the conceptual foundations for comparative analysis of media and politics globally. It takes as its point of departure the widely used framework of Daniel C. Hallin and Paolo Mancini's Comparing Media Systems, exploring how the concepts and methods of their analysis do and do not prove useful when applied beyond the original focus of their "most similar systems" design and the West European and North American cases it encompassed. It is intended both to use a wider range of cases to interrogate and clarify the conceptual framework of Comparing Media Systems and to proposed new nidels, concepts, and with processes of political transition. Comparing Media Systems Beyond the Western World covers, among other cases, Brazil, China, Isreal, Lebanon, Poland, Russia, Saudi Arabia, South Africa, and Thailand"--
650 0 _aMass media
_xPolitical aspects
_zDeveloping countries.
650 0 _aMass media
_xPolitical aspects
_zDeveloping countries
_vCase studies.
650 0 _aMass media
_xSocial aspects
_zDeveloping countries
_vCase studies.
650 0 _aMass media policy
_zDeveloping countries
_vCase studies.
700 1 _aHallin, Daniel C.
700 1 _aMancini, Paolo.
906 _a7
_bcbc
_corignew
_d1
_eecip
_f20
_gy-gencatlg
942 _2ddc
_cBK
999 _c2801
_d2801